LEADER 00759nam0-22002771i-450- 001 990001623080403321 005 20050303151611.0 035 $a000162308 035 $aFED01000162308 035 $a(Aleph)000162308FED01 035 $a000162308 100 $a20030910d1872----km-y0itay50------ba 101 0 $aeng 200 1 $aAir and rain$ethe beginnings of a chemical climatology$fRobert Angus Smith 210 $aLondon$cLongmans-Green$d1872 215 $a600 p.$d23 cm 610 0 $aClimatologia 676 $a551.6 700 1$aAngus Smith,$bRobert$0353147 801 0$aIT$bUNINA$gRICA$2UNIMARC 901 $aBK 912 $a990001623080403321 952 $a60 551.59 B 1$b2150$fBAT 959 $aFAGBC 996 $aAir and rain$9366395 997 $aUNINA LEADER 01762nam 2200349 n 450 001 996394937203316 005 20200824121729.0 035 $a(CKB)4940000000120941 035 $a(EEBO)2240880493 035 $a(UnM)99838218e 035 $a(UnM)99838218 035 $a(EXLCZ)994940000000120941 100 $a19901030d1607 uy | 101 0 $aeng 135 $aurbn||||a|bb| 200 02$aA brotherly persvvasion to vnitie, and vniformitie in iudgement, and practise touching the receiued, and present ecclesiasticall gouernment, and the authorised rites and ceremonies of the Church of England. VVritten by Thomas Sparke Doctor in Diuinitie. And seene, allowed, and commended by publike authoritie to be printed$b[electronic resource] 210 $aLondon $cPrinted by Nicholas Okes for Roger Iackson, and are to be sold at his shop in Fleet-street neere to the great Conduit$d1607 215 $a[16], 83, [3] p 300 $aRunning title reads: A perswasion to vniformity vnto his Christian brethren. 300 $aThe last leaf is blank. 300 $aIdentified as STC 23020 on UMI microfilm. 300 $aReproduction of the original in the British Library. 330 $aeebo-0018 700 $aSparke$b Thomas$f1548-1616.$01005045 801 0$bCu-RivES 801 1$bCu-RivES 801 2$bCStRLIN 801 2$bWaOLN 906 $aBOOK 912 $a996394937203316 996 $aA brotherly persvvasion to vnitie, and vniformitie in iudgement, and practise touching the receiued, and present ecclesiasticall gouernment, and the authorised rites and ceremonies of the Church of England. VVritten by Thomas Sparke Doctor in Diuinitie. And seene, allowed, and commended by publike authoritie to be printed$92333202 997 $aUNISA LEADER 01567nas 2200445-a 450 001 9910446851503321 005 20230627152444.0 011 $a2165-1442 035 $a(OCoLC)768772606 035 $a(CKB)2550000000072473 035 $a(CONSER)--2011273634 035 $a(EXLCZ)992550000000072473 100 $a20111219a20129999 --- a 101 0 $aeng 135 $aur||||||||||| 181 $ctxt$2rdacontent 182 $cc$2rdamedia 183 $acr$2rdacarrier 200 10$aCareer development and transition for exceptional individuals 210 $aThousand Oaks, CA $cSage Publications$d©2012- 300 $aRefereed/Peer-reviewed 311 $a2165-1434 606 $aExceptional children$xVocational education$zUnited States$vPeriodicals 606 $aExceptional children$xVocational education$2fast$3(OCoLC)fst00917631 606 $aInfants inadaptats$vRevistes$2lemac 606 $aEducació especial$vRevistes$2lemac 607 $aUnited States$2fast 608 $aPeriodicals.$2fast 608 $aPeriodicals.$2lcgft 615 0$aExceptional children$xVocational education 615 7$aExceptional children$xVocational education. 615 7$aInfants inadaptats 615 7$aEducació especial 676 $a370 712 02$aHammill Institute on Disabilities, 712 02$aCouncil for Exceptional Children.$bDivision on Career Development and Transition, 906 $aJOURNAL 912 $a9910446851503321 996 $aCareer development and transition for exceptional individuals$92004866 997 $aUNINA